Crisis ecológica y subsunción real de la naturaleza al capital = Ecological crisis and nature subsumed to capital /

Se indaga en la crisis ecológica como una crisis estructural de producción capitalista; de de la misma manera se propone una reflexión para entender el modo en el cual se mezclan con las crisis económicas. Además de ello, se utilizan corrientes marxistas para entender las crisis de sobreproducción y...

Fuld beskrivelse

Guardado en:
Bibliografiske detaljer
Hovedforfatter: Sabbatella, Ignacio
Format: Texto
Fag:
Tags: Tilføj Tag
Ingen Tags, Vær først til at tagge denne postø!

MARC

LEADER 00000 a a2200000 04500
001 42335
003
040
100 |a Sabbatella, Ignacio  
245 |a Crisis ecológica y subsunción real de la naturaleza al capital =   |b Ecological crisis and nature subsumed to capital /  |c Ignacio Sabbatella  
246 |a Ecological crisis and nature subsumed to capital 
500 |a ignaciosabbatella@yahoo.com.ar  
520 |a Se indaga en la crisis ecológica como una crisis estructural de producción capitalista; de de la misma manera se propone una reflexión para entender el modo en el cual se mezclan con las crisis económicas. Además de ello, se utilizan corrientes marxistas para entender las crisis de sobreproducción y de subproducción. Se plantea la incorporación del concepto subsunción real de la naturaleza al capital, esto para caracterizar el proceso en el cual el capitalismo se apropia del entorno natural. Finalmente se sugiere como consecuencia de la crisis ecológica el aumento de la desigualdad ambiental y el incremento de conflictos ambientales.  
590 |a KSR/MAYO2012  
650 |a 1.CRISIS ECOLOGICA  
650 |a 2.CRISIS  
650 |a 3.RECESION ECONOMICA  
650 |a 4.CAPITALISMO  
650 |a 5.CONFLICTOS AMBIENTALES  
650 |a 6.MARXISMO  
773 |g número36 ( , 2010), páginas 69-80  
999 |c 28368  |d 28368